| 000 | 00710nam a22002417a 4500 | ||
|---|---|---|---|
| 999 |
_c4897 _d4897 |
||
| 003 | AR-CdUCM | ||
| 008 | 190311b ||||| |||| 00| 0 spa d | ||
| 040 |
_aMUNICIPALIDAD PROVINCIAL DEL CUSCO _cBIBLIOTECA MUNICIPAL DEL CUSCO |
||
| 041 | _hfre | ||
| 082 |
_a869.56 / _bM86 |
||
| 100 |
_aMoreno Jimeno, Manuel _915054 |
||
| 245 | _aPoèmes choisis / | ||
| 260 |
_aParis : _bPierre Seghers, _c1965. |
||
| 300 |
_a107 paginas ; _c19.5 cm. |
||
| 500 | _aDonación de la familia Nieto | ||
| 505 | _aPoesía | ||
| 650 |
_aPoesías peruanas _91481 |
||
| 650 |
_aSiglo XX _98 |
||
| 650 |
_aTraducción al francé _915055 |
||
| 700 |
_aHennart, Marcel (traductor) _915056 |
||
| 942 |
_2ddc _cLIBROS |
||
| 945 | _aacv | ||